[Event "13th Asian Continental 2014"]
[Site "Sharjah UAE"]
[Date "2014.04.25"]
[Round "9.27"]
[White "Najjar, Ahmad"]
[Black "Al-Hajiri, Bader"]
[Result "1-0"]
[WhiteTitle "FM"]
[WhiteElo "2261"]
[BlackElo "2095"]
[WhiteFideId "5300100"]
[BlackFideId "10300163"]
[EventDate "2014.04.17"]

1. d4 d5 2. Nf3 Nf6 3. c4 c6 4. e3 e6 5. Nc3 Nbd7 6. Bd3 dxc4 7. Bxc4 b5 8. Be2
Bb7 9. a3 a6 10. b4 a5 11. Rb1 axb4 12. axb4 Nb6 13. O-O Nbd5 14. Nxd5 Nxd5 15.
Bd2 Ra4 16. Qe1 Be7 17. Bd1 Ra3 18. Bc1 Ra2 19. Ne5 Qd6 20. Nd3 O-O 21. Nc5 Ra7
22. e4 Nb6 23. Be3 Rfa8 24. e5 Qd8 25. Bb3 Bc8 26. Qe2 Nd5 27. Bd2 Bd7 28. Qe4
Be8 29. f4 g6 30. g4 Bxc5 31. dxc5 Qh4 32. Qf3 Ra3 33. Be1 Qe7 34. Kg2 f6 35.
Bd2 Qg7 36. Kh1 fxe5 37. fxe5 g5 38. Bxg5 Bg6 39. Bf6 Qd7 40. Rb2 Nxb4 41. Bg5
Nd5 42. Bh6 Qf7 43. Qxf7+ Bxf7 44. Bxd5 cxd5 45. Rxb5 R3a7 46. c6 Rc7 47. Rb7
Rac8 48. Kg2 d4 49. Kg3 d3 50. Rxc7 Rxc7 51. Rb1 Rc8 52. c7 Be8 53. Rc1 Kf7 54.
Rf1+ Ke7 55. Bf8+ Kd7 56. Bd6 Ra8 57. Rd1 Bg6 58. h4 h5 59. gxh5 Bf5 60. Kf4
Ra4+ 61. Kg5 Ra2 62. Rb1 Rg2+ 63. Kf6 Rg8 64. Rb8 Rc8 65. Rxc8 Kxc8 66. Bb4 Kxc7
67. h6 Kc6 68. Kg7 Kd5 1-0

[Event "13th Asian Continental 2014"]
[Site "Sharjah UAE"]
[Date "2014.04.25"]
[Round "9.29"]
[White "Al-Takrori, Husam"]
[Black "Muniz Pardino, Alberto"]
[Result "0-1"]
[WhiteElo "2097"]
[BlackElo "2105"]
[WhiteFideId "11501200"]
[BlackFideId "2229560"]
[EventDate "2014.04.17"]

1. e4 c5 2. Nc3 g6 3. f4 Bg7 4. Nf3 Nc6 5. Bb5 Nd4 6. O-O Nxb5 7. Nxb5 d5 8.
exd5 a6 9. Nc3 Nf6 10. d4 c4 11. Qe2 b5 12. Ne5 Bb7 13. f5 b4 14. fxg6 hxg6 15.
Na4 Bxd5 16. Nc5 O-O 17. Nxc4 Nd7 18. Nb3 Qc7 19. Nca5 Rac8 20. Rf2 e5 21. Qxa6
exd4 22. Qb5 Be4 23. Qxb4 Bxc2 24. Bf4 Qb6 25. Qd2 Bf5 26. Rc1 Rxc1+ 27. Qxc1
Nf6 28. Qc5 Qxc5 29. Nxc5 Nd5 30. Nab3 Nxf4 31. Rxf4 Bh6 32. Rxd4 Be3+ 33. Kf1
Bxd4 34. Nxd4 Bb1 35. a4 Rb8 36. b3 Rd8 37. Nc6 Rd6 38. Na5 Rb6 39. Nc4 Rc6 40.
b4 Rxc5 41. bxc5 Bd3+ 42. Kf2 Bxc4 43. Ke3 Kf8 44. Kd4 Bf1 45. g4 Ke7 46. a5 Be2
47. h3 f6 48. Ke3 Ba6 49. h4 Ke6 50. Kf4 Be2 51. c6 Kd6 52. h5 gxh5 53. gxh5 Bd3
54. Ke3 Bh7 55. Kd4 Kxc6 0-1

[Event "13th Asian Continental 2014"]
[Site "Sharjah UAE"]
[Date "2014.04.25"]
[Round "9.30"]
[White "khayat, Abdullah F"]
[Black "Al Mutairi, Hassan S"]
[Result "0-1"]
[WhiteElo "1716"]
[BlackElo "2106"]
[WhiteFideId "21500460"]
[BlackFideId "21500193"]
[EventDate "2014.04.17"]

1. e4 e6 2. d4 d5 3. e5 c5 4. c3 Nc6 5. Nf3 Nh6 6. g3 Nf5 7. Bb5 Qb6 8. Ba4 Bd7
9. O-O cxd4 10. Bxc6 bxc6 11. cxd4 h5 12. a3 c5 13. b3 cxd4 14. b4 Be7 15. Bb2
Bb5 16. Nxd4 Bxf1 17. Nxf5 exf5 18. Kxf1 h4 19. Nd2 hxg3 20. fxg3 Rxh2 21. Qf3
Rxd2 22. Bc3 Rh2 23. Rd1 Rd8 24. Bd4 Qa6+ 25. Kg1 Qe2 0-1